Paper Mario Sticker Star Level To World - Statistics

General Stats
  • This quiz has been taken 14 times
  • The average score is 30 of 40
Answer Stats
Hint Answer % Correct
Bouquet Gardens World 1 (Grass)
100%
Yoshi Sphinx World 2 (Desert)
100%
Sandshifter Ruins World 2 (Desert)
100%
Decalburg Other
83%
Surfshine Harbor Other
83%
Goomba Fortress World 1 (Grass)
83%
Drybake Desert World 2 (Desert)
83%
Damp Oasis World 2 (Desert)
83%
Drybake Stadium World 2 (Desert)
83%
Leaflitter Path World 3 (Woods)
83%
The Bafflewood World 3 (Woods)
83%
Wiggler's Tree House World 3 (Woods)
83%
Tree Branch Trail World 3 (Woods)
83%
Stump Glade World 3 (Woods)
83%
Whitecap Beach World 3 (Woods)
83%
Snow Rise World 4 (Snow)
83%
Ice Flow World 4 (Snow)
83%
The Enigmansion World 4 (Snow)
83%
Shaved-Ice Cave World 4 (Snow)
83%
Whiteout Valley World 4 (Snow)
83%
Bowser's Snow Fort World 4 (Snow)
83%
Shy Guy Jungle World 5 (Jungle/Volcano)
83%
Jungle Rapids World 5 (Jungle/Volcano)
83%
Long Fall Falls World 5 (Jungle/Volcano)
83%
Chomp Ruins World 5 (Jungle/Volcano)
83%
Rumble Volcano World 5 (Jungle/Volcano)
83%
Bowser Jr.'s Flotilla World 6 (Sky)
83%
Bowser's Sky Castle World 6 (Sky)
83%
Warm Fuzzy Plains World 1 (Grass)
67%
Hither Thither Hill World 1 (Grass)
67%
Whammino Mountain World 1 (Grass)
67%
Outlook Point World 3 (Woods)
67%
Holey Thicket World 3 (Woods)
67%
Strike Lake World 3 (Woods)
50%
Loop Loop River World 3 (Woods)
50%
Rustle Burrow World 3 (Woods)
50%
Rugged Road World 5 (Jungle/Volcano)
50%
Gate Cliff World 6 (Sky)
50%
Edge Way World 1 (Grass)
33%
Gauntlet Pond World 3 (Woods)
33%
No matching quizzes found
Score Distribution
Percent of People with Each Score
Percentile by Number Answered
Your Score History
You have not taken this quiz